Library Banner

Strategic management accounting issus and cases (Record no. 12335)

MARC details
000 -LEADER
fixed length control field 00407nam a2200169Ia 4500
001 - CONTROL NUMBER
control field 11451
008 - FIXED-LENGTH DATA ELEMENTS--GENERAL INFORMATION
fixed length control field 140331s9999 xx 000 0 und d
020 ## - INTERNATIONAL STANDARD BOOK NUMBER
International Standard Book Number 0-409-30979-6
040 ## - CATALOGING SOURCE
Transcribing agency PK-LaUMT
082 ## - DEWEY DECIMAL CLASSIFICATION NUMBER
Classification number 657.1511
Item number SMI-S
100 ## - MAIN ENTRY--PERSONAL NAME
Personal name Smith, Malcolm
245 ## - TITLE STATEMENT
Title Strategic management accounting issus and cases
Statement of responsibility, etc Smith, Malcolm
260 ## - PUBLICATION, DISTRIBUTION, ETC. (IMPRINT)
Date of publication, distribution, etc 1995
300 ## - PHYSICAL DESCRIPTION
Extent 225 p.
546 ## - LANGUAGE NOTE
Language note EN
942 ## - ADDED ENTRY ELEMENTS (KOHA)
Koha item type Books
Holdings
Withdrawn status Lost status Damaged status Not for loan Home library Current library Date acquired Total Checkouts Full call number Barcode Date last seen Price effective from Koha item type
        UMT Main Campus UMT Main Campus 2014-03-31   657.1511 SMI-S 13100 2014-04-21 2014-04-21 Books